000 01102cam a2200301 a 4500
001 15763255
005 20180228092117.0
007 vd |v||z|
008 090604s2009 nyua b 001 0 eng
010 _a 2009022543
015 _aGBA967663
_2bnb
016 7 _a015308054
_2Uk
020 _a9781606233085 (pbk. : alk. paper)
020 _a1606233084 (pbk. : alk. paper)
035 _a(OCoLC)ocn303076954
040 _aDLC
_cDLC
_dYDX
_dBTCTA
_dYDXCP
_dUKM
_dBWX
_dCDX
_dCTB
_dDLC
041 _aeng
043 _an-us---
080 _a371.14124 JOH
082 0 0 _a371.14124 JOH
_221
100 _a25
101 _aEDU
245 0 0 _aBook buddies :
_cFrancine R. Johnston ... [et al.].
504 _aIncludes bibliographical references and index.
906 _a7
_bcbc
_corignew
_d1
_eecip
_f20
_gy-gencatlg
942 _2ddc
_cBK
999 _c43733
_d43733